000 01009aaa a2200325a 44500
008 031006s2003 cat
020 _a9729051488
041 _acat
080 _a801.3(038)
100 _aAbreu, J.M.
_960507
245 _aLa Terminología en la formación de postgrado para ingenieros y científicos. Estudio de casos: un léxico sobre el léxico para no lingüistas
245 _cJ.M Abreu García
260 _a[Lisboa]
260 _bInstituto de Linguística Teórica e Computacional, ILTEC
260 _c2003
300 _aP. 89-101
_c23 cm
500 _aBibliografia
520 _a66
546 _afrancès
592 _aObra terminològica
593 _aSEA
650 _alexicografia
_960925
773 _tTerminologia e indústrias da língua: actas do VII Simpósio Ibero-Americano de Terminologia
901 _c[<2003>]
902 _a031006
942 _cPM
_n0
999 _c62555
_d62555